| 000 | 00698nam a2200181 i 4500 | ||
|---|---|---|---|
| 001 | 163227 | ||
| 003 | ES-MaACL | ||
| 005 | 20230906212710.0 | ||
| 008 | 050712s1865 fr | |||||||| ||fre d | ||
| 040 |
_aCAM _bspa _cCAM |
||
| 100 | 1 |
_aReiset, Frédéric. _9131679 |
|
| 245 | 1 | 0 |
_aNotice des tableaux du musée Napoléon III exposés dans les salles de la colonnade au Louvre / _cpar M. F. Reiset,... |
| 260 |
_aParis : _bCharles de Mourgues frères, _c1865. |
||
| 300 |
_a117 p. ; _c18 cm. |
||
| 594 | _aEn la antep. consta: Maison de l'empereur, Musée Impérial du Louvre. | ||
| 610 | 2 | 4 |
_aMusée du Louvre- _vGuías. _9137268 |
| 852 |
_aES-MaACL _jD-1806 _z-- Enc. hol. conservando la original |
||
| 999 |
_c163227 _d163227 |
||